01163nam a22001217a 4500008004100000020001500041040005500056080001600111245016300127260005100290500068800341650001201029230516b |||||||| |||| 00| 0 eng d a0660005050 aNational Science LibrarycNational Science Library a622.14 bL6 aPit slope manual c/ Pit slope project of the Mining Research laboratories Canada Centre for Mineral and Energy technology Energy, Mines and Resources Canada  aCanada: bMining Research laboratories, c1977 achap. 1. (Summary); 65p. chap. 4. (Groundwater); 240p. chap. 5. (Design); 126p. chap. 6. (Mechanical support); 111p. chap. 9. (Waste embankments); 137p. chap. 10. (Environmental planning); 93p. Supplement 2-3 (Geophysics for open pit sites); 25p. Supplement 3-1 (Laboratory classification tests); 31p. Supplement 3-2 (Laboratory tests for design parameters); 74p. Supplement 3-3 (In situ Field tests); 17p. Supplement 3-4 (Selected soil tests); 18p. Supplement 3-5 (Sampling and specimen preparation); 30p. Supplement 5-1 (Plane shear analysis); 307p. Supplement 5-2 (Rotational shear sliding: analyses and computer programs); 92p. Supplement 5-3 (Financial computer programs); 184p. aScience